5 Biggest Cities by Country in Africa - Statistics

General Stats
  • This quiz has been taken 24 times
  • The average score is 110 of 270
Answer Stats
Country City Population % Correct
Algeria Algiers 2,364,230
100%
Ethiopia Addis Ababa 3,860,000
95%
Alexandria 5,362,517
95%
Madagascar Antananarivo 1,274,225
95%
Mali Bamako 4,227,569
95%
Republic of the Congo Brazzaville 2,138,236
95%
Egypt Cairo 9,801,536
95%
Morocco Casablanca 3,218,036
95%
Tanzania Dar es Salaam 5,383,728
95%
Djibouti Djibouti 776,966
95%
Fes 1,182,963
95%
Kano 3,626,068
95%
Democratic Republic of the Congo Kinshasa 7,273,947
95%
Nigeria Lagos 9,000,000
95%
Angola Luanda 6,759,313
95%
Somalia Mogadishu 2,587,183
95%
Mombasa 1,208,333
95%
Kenya Nairobi 4,397,073
95%
Chad Ndjamena 951,418
95%
Libya Tripoli 1,293,016
95%
Namibia Windhoek 486,186
95%
Ghana Accra 2,070,463
90%
Guinea-Bissau Bissau 387,909
90%
Cape Town 3,430,992
90%
Guinea Conakry 1,660,973
90%
Senegal Dakar 3,186,088
90%
Sierra Leone Freetown 609,174
90%
Ibadan 3,565,108
90%
South Africa Johannesburg 7,860,781
90%
Khartoum 1,410,858
90%
Liberia Monrovia 1,761,032
90%
Niger Niamey 978,029
90%
Oran 803,329
90%
Mauritius Port-Louis 140,403
90%
Pretoria 1,763,336
90%
Tangier 1,275,428
90%
Yaounde 2,765,600
90%
Côte d'Ivoire Abidjan 5,616,633
86%
Benin Cotonou 679,012
86%
Dodoma 765,179
86%
Cameroon Douala 2,768,400
86%
Durban 2,786,046
86%
Botswana Gaborone 246,325
86%
Gitega 41,944
86%
Zimbabwe Harare 1,491,754
86%
South Sudan Juba 230,195
86%
Uganda Kampala 1,797,722
86%
Rwanda Kigali 1,517,168
86%
Gabon Libreville 703,940
86%
Malawi Lilongwe 1,162,500
86%
Togo Lome 2,188,376
86%
Zambia Lusaka 2,212,301
86%
Mozambique Maputo 1,080,277
86%
Marrakesh 1,014,813
86%
Eswatini Mbabane 60,691
86%
Mauritania Nouakchott 1,446,761
86%
Burkina Faso Ouagadougou 2,415,266
86%
Porto-Novo 264,320
86%
Cabo Verde Praia 141,219
86%
Tunisia Tunis 599,368
86%
Seychelles Victoria 29,664
86%
Eritrea Asmara 896,000
81%
Central African Republic Bangui 812,407
81%
Benghazi 750,000
81%
Lubumbashi 1,283,380
81%
Malabo 257,000
81%
Lesotho Maseru 343,541
81%
Comoros Moroni 74,749
81%
Port Elizabeth 876,436
81%
São Tomé and Príncipe São Tomé 66,888
81%
Burundi Bujumbura 497,166
76%
Giza 4,458,135
76%
Port Harcourt 1,148,665
76%
Port Said 791,749
76%
Yamoussoukro 212,670
76%
Zanzibar 709,809
76%
Kumasi 2,035,064
67%
Bo 223,075
62%
Constantine 448,028
62%
Pointe-Noire 1,398,812
57%
Sfax 286,636
57%
Equatorial Guinea Bata 290,000
52%
Blantyre 871,800
52%
Hargeisa 477,876
52%
Kisangani 682,599
52%
Mbuji-Mayi 1,213,726
52%
Sousse 250,540
52%
Benguela 555,124
48%
Bobo-Dioulasso 904,920
48%
Bulawayo 665,952
48%
Sudan Omdurman 1,849,659
48%
Francistown 103,417
43%
Mwanza 1,104,521
43%
Port-Gentil 136,462
43%
Port Sudan 394,561
43%
Thies 391,253
43%
Arusha 617,631
38%
Buchanan 50,245
38%
Cabinda 550,000
38%
Nampula 663,212
38%
Walvis Bay 102,704
38%
Agadez 110,497
33%
Annaba 342,703
33%
Bimbo 348,802
33%
Franceville 110,568
33%
Gbarnga 56,986
33%
Kananga 720,362
33%
Luba 9,011
33%
Lubango 600,751
33%
Mekele 457,900
33%
Misrata 360,000
33%
Mutsamudu 26,313
33%
Serekunda 55,360
33%
Tamale 371,351
33%
Touba 1,120,824
33%
Adama 456,900
29%
Ali-Sabieh 44,928
29%
Beau-Bassin-Rose-Hill 92,149
29%
Beira 592,090
29%
Berbera 242,344
29%
Bouake 740,000
29%
Gambia Brikama 81,007
29%
Gondar 466,000
29%
Huambo 595,304
29%
Khartoum North 1,012,211
29%
Kitwe 665,961
29%
Manzini 30,248
29%
Mzuzu 273,000
29%
Nakuru 570,674
29%
Ndola 627,503
29%
Nouadhibou 173,525
29%
Rundu 118,632
29%
Sale 945,101
29%
Sarh 97,224
29%
Toamasina 325,857
29%
Yei 69,720
29%
Anse Etoile 6,555
24%
Bafoussam 239,287
24%
Bamenda 269,530
24%
Bizerte 154,300
24%
Chimoio 363,336
24%
Curepipe 70,008
24%
Espargos 22,549
24%
Gabu 43,556
24%
Garoua 235,996
24%
Godomey 253,262
24%
Kankan 190,722
24%
Keren 55,586
24%
Kira 459,827
24%
Korhogo 243,048
24%
Koudougou 160,239
24%
Maradi 267,249
24%
Mindelo 70,732
24%
Nyala 492,984
24%
Parakou 255,478
24%
Ruhengeri 153,368
24%
Segou 133,501
24%
Shubra al-Khaymah 1,275,700
24%
Swakopmund 75,921
24%
Tadjoura 19,527
24%
Takoradi 311,206
24%
Vacoas-Phoenix 107,433
24%
Wau 118,331
24%
Zinder 235,605
24%
Abeche 97,963
19%
Abomey-Calavi 117,824
19%
Antsirabe 246,354
19%
Assab 44,220
19%
Atakpame 98,193
19%
Bafata 29,556
19%
Blida 331,779
19%
Daloa 245,360
19%
Fianarantsoa 191,776
19%
Fomboni 17,291
19%
Gisenyi 252,090
19%
Kabwe 288,598
19%
Kaduna 1,582,102
19%
Kairouan 153,900
19%
Kara 158,090
19%
Kenema 255,110
19%
Kiffa 71,680
19%
Kismayo 234,852
19%
Koidu 196,418
19%
Koutiala 141,444
19%
Mahajanga 246,022
19%
Makeni 85,116
19%
Malakal 114,528
19%
Massawa 27,179
19%
Matola 1,032,197
19%
Maun 85,350
19%
Mohale's Hoek 44,494
19%
Moundou 137,251
19%
Mutare 224,804
19%
Nansana 692,478
19%
Ngozi 39,884
19%
Nzerekore 195,027
19%
Obock 20,238
19%
Ouahigouya 124,587
19%
Ouesso 75,095
19%
Owendo 79,300
19%
Oyem 60,685
19%
Santana 7,445
19%
Sekondi 228,342
19%
Sokode 115,442
19%
Tahoua 117,826
19%
Zliten 166,350
19%
Zomba 116,800
19%
Zouerate 62,380
19%
Assomada 10,222
14%
Berberati 103,713
14%
Chitungwiza 371,246
14%
Dikhil 27,722
14%
Dolisie 178,172
14%
Eldoret 475,716
14%
Epworth 206,368
14%
Hlotse 41,986
14%
Kayes 126,319
14%
Kelo 57,859
14%
Makindye-Ssabagabo 439,605
14%
Maputsoe 59,126
14%
Merca 230,100
14%
Mogoditshane 88,004
14%
Molepolole 74,861
14%
Neves 8,391
14%
Oshakati 58,656
14%
Rufisque 295,459
14%
Ruiru 490,120
14%
Sikasso 226,618
14%
Sukuta 47,048
14%
Trindade 6,685
14%
Afabet 35,673
10%
Awasa 422,200
10%
Big Bend 6,433
10%
Carnot 129,032
10%
Cibitoke 23,885
10%
Domoni 12,262
10%
Ebebiyin 32,000
10%
Kakata 34,608
10%
Kaolack 298,904
10%
Mafeteng 43,247
10%
Nhlangano 10,456
10%
Quatre-Bornes 71,076
10%
Yambio 105,881
10%
Zawiya 141,653
10%
Arua 384,656
5%
Bissora 9,898
5%
Canchungo 12,044
5%
Dubreka 157,017
5%
Ganta 42,077
5%
Kaedi 57,672
5%
Matsapha 7,571
5%
Rumonge 35,931
5%
Aconibe 8,795
0%
Almas 3,923
0%
Au Cap 5,974
0%
Begoua 264,067
0%
Cascade 7,263
0%
Dapaong 117,675
0%
Faji Kunda 38,121
0%
Gitarama 82,797
0%
Kamuhanda / Ruyenzi 66,151
0%
Karonga 61,609
0%
Maneah 167,354
0%
Nkayi 104,083
0%
Pedra Badejo 10,201
0%
Perseverance 6,209
0%
Saaba 136,011
0%
Solwezi 301,370
0%
Talinding 40,562
0%
Tsembehou 12,590
0%
No matching quizzes found
Score Distribution
Percent of People with Each Score
Percentile by Number Answered
Your Score History
You have not taken this quiz